| 000 | 00637nam a2200181Ia 4500 | ||
|---|---|---|---|
| 008 | 090124s9999 xx 000 0 und d | ||
| 082 |
_b10945 _a274 |
||
| 100 | _aभाटे वामनराव | ||
| 245 | _a श्री दुर्गासप्रशनी कथासार | ||
| 250 | _a1 | ||
| 260 | _c1960 | ||
| 300 | _a116 | ||
| 600 | _aभाटे वामनराव | ||
| 630 | _a श्री दुर्गासप्रशनी कथासार | ||
| 700 | _aभाटे वामनराव | ||
| 730 | _a श्री दुर्गासप्रशनी कथासार | ||
| 942 | _cBOOK | ||
| 999 |
_c125092 _d125092 |
||